000 00619nam a2200181Ia 4500
003 OSt
005 20260328110647.0
008 211028s2010 xx 000 0 und d
040 _cAIMIT LIBRARY
041 _aeng
082 _a658.3 SHAM
100 _aShameer, Mohammad;Dhanajay K.
_g816027
_96451
245 _aAnalyzing the market potential for job certification and training programs in Dakshina Kannada and Udupi Districts, offered by knowledge varsity Bangalore /
260 _bDhanajay K
_c2010
600 _aHuman Resource Management
_96452
650 _aHuman Resource Management
_96453
942 _2ddc
_cPRO
999 _c218242
_d218242